logo

Bir Sreshtho Munshi Abdur Rouf Library
Jhenaidah Cadet College

স্টক এক্সচেঞ্জ ও শেয়ারবাজার বিনিয়োগ / (Record no. 10768)

MARC details
000 -LEADER
fixed length control field 00881nam a2200253 a 4500
001 - CONTROL NUMBER
JCCL Control Number 10768
003 - CONTROL NUMBER IDENTIFIER
JCCL marc code BD-JhCC
005 - DATE AND TIME OF LATEST TRANSACTION
control field 20220623134023.0
008 - FIXED-LENGTH DATA ELEMENTS--GENERAL INFORMATION
fixed length control field 180908s20182010bg a|||| |||| 000 0 ben d
020 ## - INTERNATIONAL STANDARD BOOK NUMBER
International Standard Book Number 9847030500763
035 ## - SYSTEM CONTROL NUMBER
system control number (BD-JhCC)10768
040 ## - CATALOGING SOURCE
Original cataloging agency BD-JhCC
Modifying agency BD-JhCC
041 ## - LANGUAGE CODE
Language code of Book ben
082 ## - DEWEY DECIMAL CLASSIFICATION NUMBER
Classification number 332.642
Author mark and Year AHA 2018
100 ## - MAIN ENTRY--PERSONAL NAME
Personal name আহমেদ, তৌহিদ
245 ## - TITLE STATEMENT
Title স্টক এক্সচেঞ্জ ও শেয়ারবাজার বিনিয়োগ /
Remainder of title
Statement of responsibility, etc তৌহিদ আহমেদ
260 ## - PUBLICATION, DISTRIBUTION, ETC. (IMPRINT)
Place of publication, distribution, etc ঢাকা :
Name of publisher, distributor, etc ইছামতি প্রকাশনী,
Date of publication, distribution, etc ২০১৮.
300 ## - PHYSICAL DESCRIPTION
Pagination ৩১৫ পৃ. :
Other physical details চিত্রাবলী,
Dimensions ২১ সেমি.
504 ## - BIBLIOGRAPHY, ETC. NOTE
Bibliography, etc Includes Bibliography
650 ## - SUBJECT ADDED ENTRY--TOPICAL TERM
Topical term or geographic name as entry element Stock exchanges
650 ## - SUBJECT ADDED ENTRY--TOPICAL TERM
Topical term or geographic name as entry element Portfolio management
650 ## - SUBJECT ADDED ENTRY--TOPICAL TERM
Topical term or geographic name as entry element Investment analysis
942 ## - ADDED ENTRY ELEMENTS (KOHA)
Source of classification or shelving scheme Dewey Decimal Classification
Koha item type Books
Koha issues (borrowed), all copies 3
Holdings
Source of classification or shelving scheme Damaged status Not for loan Home library Current library Shelving location Date of accession Cost, normal purchase price Total Checkouts Full call number Barcode Date last seen Date checked out Copy number Koha item type
Dewey Decimal Classification     JCC Rouf Library JCC Rouf Library General Stacks 09/08/2018 400.00 1 332.642 AHA 2018 14594 11/28/2022 06/23/2022 C-1 Books
Dewey Decimal Classification     JCC Rouf Library JCC Rouf Library General Stacks 09/08/2018 400.00 1 332.642 AHA 2018 14587 04/07/2020 03/25/2020 C-2 Books
Dewey Decimal Classification     JCC Rouf Library JCC Rouf Library General Stacks 09/08/2018 400.00   332.642 AHA 2018 14590 09/08/2018   C-3 Books

JCC Library | Contacts | JCC Home

Last Update on 23 September 2017
Copyright @ 2017-2020 JCC Rouf Library
Rouf Library, Jhenidah Cadet College (JCC), Bangladesh